An attempt to assess and evaluate the attitude of the African to houses and housing. (Record no. 144410)
[ view plain ]
| 000 -LEADER | |
|---|---|
| fixed length control field | 00774cam4a220024100 4500 |
| 001 - CONTROL NUMBER | |
| control field | tmp15774914 |
| 003 - CONTROL NUMBER IDENTIFIER | |
| control field | UPRA |
| 005 - DATE AND TIME OF LATEST TRANSACTION | |
| control field | 20190823092234.0 |
| 008 - FIXED-LENGTH DATA ELEMENTS--GENERAL INFORMATION | |
| fixed length control field | 951025s1958 xx eng u |
| 035 ## - SYSTEM CONTROL NUMBER | |
| System control number | (Sirsi) r44568 |
| 035 ## - SYSTEM CONTROL NUMBER | |
| System control number | (UPRA)tmp15774914 |
| 040 ## - CATALOGING SOURCE | |
| Transcribing agency | UPRA |
| 100 1# - MAIN ENTRY--PERSONAL NAME | |
| Personal name | Bettison, D. G. |
| Linkage | A2136.1 |
| 245 13 - TITLE STATEMENT | |
| Title | An attempt to assess and evaluate the attitude of the African to houses and housing. |
| 260 ## - PUBLICATION, DISTRIBUTION, ETC. | |
| Place of publication, distribution, etc. | [S.l.], |
| Date of publication, distribution, etc. | 1958. |
| 500 ## - GENERAL NOTE | |
| General note | Cyclostyled. |
| 650 #0 - SUBJECT ADDED ENTRY--TOPICAL TERM | |
| Topical term or geographic name entry element | Housing -- Zambia. |
| Geographic subdivision | Housing -- Zambia. |
| Linkage | S1307.1 |
| 949 ## - LOCAL PROCESSING INFORMATION (OCLC) | |
| a | (O2) 1958/11 |
| w | lcc |
| m | MAIN |
| t | BOOK |
| l | ON-SHELF |
| 949 ## - LOCAL PROCESSING INFORMATION (OCLC) | |
| a | (O2) 1958/11 |
| w | lcc |
| m | MAIN |
| t | BOOK |
| l | ON-SHELF |
| 949 ## - LOCAL PROCESSING INFORMATION (OCLC) | |
| a | (O2) 1958/11 |
| w | lcc |
| m | MAIN |
| t | BOOK |
| l | ON-SHELF |
| 949 ## - LOCAL PROCESSING INFORMATION (OCLC) | |
| a | (O2) 1958/11 |
| w | lcc |
| m | MAIN |
| t | BOOK |
| l | ON-SHELF |
No items available.